000 00657nam a22001935i 4500
001 165950
003 ES-MaACL
005 20250717140812.0
008 940206s1891 sp a |||| | spa d
040 _aCAM
_bspa
100 0 _aTaboada, Luis.
_9109024
245 1 0 _aMadrid en broma /
_cLuis Taboada ; dibujos de Angel Pons ; fotograbados de Laporta.
260 _aMadrid :
_bLibrería de Fernando Fé,
_c1891.
300 _a277 p. :
_bil. ;
_c18 cm.
700 1 _aPons, Angel.
_9131269
700 1 _aLaporta, Francisco,
_d1850-1914
_9152865
852 _aES-MaACL
_jD-2906
_z-- Rúst.
_x-- Añadir en T260: (Enrique Rubiños)
999 _c165950
_d165950